000 00374nam a2200133Ia 4500
008 240624s9999 xx 000 0 und d
041 _aeng
082 _a330 SEN
100 _aSEN RAJ KUMAR
245 _aMODERN INDIAN ECONOMY ESSAYS IN MEMORY O
260 _c2011
_aNew Delhi
_bDeep & Deep Publications Pvt. Ltd.
300 _axxix, : 690 : p. : cm. ; 25
365 _cRS
_b20
999 _c16562
_d16562